LEADER 02333nam a2200373 a 4500 001 000000137176 003 CaOOAMICUS 005 20140129100103.0 008 140129s2014 vc u000 u ita r 020 $a978-88-465-0932-1 040 $aPUL$bita 082 04$a261.05 245 00$aDistacchi: affrontare ed elaborare le perdite e gli eventi critici :$batti della giornata di studio del 10 maggio 2013, organizzata dall'Istituto Pastorale Redemptor Hominis della Pontificia Università Lateranense e dall'Ospedale Pediatrico Bambino Gesù, in collaborazione con il Centro per la pastorale della salute della Diocesi di Roma /$cChiara Palazzini, Lucia Celesti (edd.) 260 $aCittà del Vaticano :$bLateran University Press,$c©2014. 300 $a130 p. ;$c20 cm. 490 1 $aStrumenti ;$v18 504 $aBibliografia nelle note. 650 4$aLutto$xAspetti psicologici.$0(OLS)http://pul/subject/40005 650 4$aSofferenza umana.$0(OLS)http://pul/subject/38558 700 1 $aPalazzini, Chiara.$0(OLS)http://pul/name/53635 700 1 $aCelesti, Lucia.$0(OLS)http://pul/name/88365 710 2 $aPontificia Università Lateranense.$bIstituto pastorale Redemptor Hominis.$0(OLS)http://pul/name/38237 710 2 $aOspedale pediatrico Bambino Gesù.$0(OLS)http://pul/name/20312 710 1 $aRoma (diocesi). Centro per la pastorale della salute.$0(OLS)http://pul/name/88366 830 0$aStrumenti (Lateran University Press) ;$v18.$0(OLS)http://pul/title/139772 850 $aPUL 852 $aPUL$W1$xSL Religione 3$y85$m261. 05 COLL 1.18$j158186$qDDC 21$B157640$CPULBib$Z2$F157640 $H123371 $82 941 1 $a9 983 0$aStrumenti (LUP) 996 $6020$a978-88-465-0932-1$9(OLS)http://pul/number/154376 996 $6082$a261.05$9(OLS)http://pul/classification/1658 996 $6245$aDistacchi: affrontare ed elaborare le perdite e gli eventi critici :$batti della giornata di studio del 10 maggio 2013, organizzata dall'Istituto Pastorale Redemptor Hominis della Pontificia Università Lateranense e dall'Ospedale Pediatrico Bambino Gesù, in collaborazione con il Centro per la pastorale della salute della Diocesi di Roma$9(OLS)http://pul/title/173656 996 $6260$aCittà del Vaticano :$bLateran University Press$9(OLS)http://pul/publisher/74585 LEADER 01269nam a2200277 a 4500 001 000000152605 003 CaOOAMICUS 005 20160627161007.0 008 160627s1984 it u000 u spa r 032 $aLibriCat 040 $aPUL$bita 100 1 $aAraújo de Vanegas, Ana María.$0(OLS)http://pul/name/97224 245 13$aLa antropologia metafisica de Julián Marías /$cAna María Araújo de Vanegas. 260 $aRoma :$b[s.n.],$c1984. 300 $a172 p. ;$c19 cm. 502 $aDissertatio ad lauream in facultate philosophiae apud Pontificiam Universitatem S. Thomae de Urbe. 1986. 504 $aBibliografia in nota a piè pagina. 600 14$aMarías, Julián,$d1914-$0(OLS)http://pul/subject/21779 650 04$aAntropologia filosofica.$0(OLS)http://pul/subject/676 710 2 $aPontificia Università S. Tommaso.$bFacoltà di filosofia.$kTesi.$0(OLS)http://pul/name/83008 850 $aPUL 852 $aPUL$W1$xDP1 Tesi Pon. Univ. S. Tommaso$y44$mTH S.THOM PH270$j175744$qTesi$B178048$CPULBib$Z2$F178048 $H58100 $81 941 1 $a16 996 $6245$aLa antropologia metafisica de Julián Marías$9(OLS)http://pul/title/192018 996 $6260$aRoma :$b[s.n.]$9(OLS)http://pul/publisher/47958